Click these lesser-known U.S. Cities on a Map - Statistics

General Stats
  • This quiz has been taken 70 times
  • The average score is 20 of 30
Answers on the Map
Answers color-coded by a green-red scale on the quiz's map according to % correct below.
 
Answer Stats
Answer % Correct
Virginia Beach
93%
Green Bay
86%
Flagstaff
83%
Atlantic City
81%
Fresno
81%
Tulsa
81%
Eugene
78%
Knoxville
78%
Spokane
78%
Daytona Beach
75%
Scranton
75%
Fairbanks
73%
Toledo
73%
Yonkers
73%
Peoria
71%
Berkeley
68%
Huntsville
68%
Corpus Christi
64%
Pensacola
64%
Amarillo
61%
Duluth
59%
South Bend
59%
Asheville
56%
Nashua
54%
Saginaw
49%
Shreveport
49%
Las Cruces
47%
Sioux City
42%
Bozeman
37%
Rapid City
36%
No matching quizzes found
Score Distribution
Percent of People with Each Score
Percentile by Number Answered
Your Score History
You have not taken this quiz